| 000 | 00865cam a22002655a 4500 | ||
|---|---|---|---|
| 001 | 14896476 | ||
| 005 | 20171122121828.0 | ||
| 006 | m||||f ||z 00| 0 | ||
| 008 | 070619t2009 moua frb 001 0 eng d | ||
| 020 | _a9781416038511 | ||
| 040 |
_aDLC _cDLC _dDLC _dEG-ScBUE _beng |
||
| 082 | 0 | 4 |
_222 _a617.6342 _bWAL |
| 100 | 1 |
_aWalton, Richard E., _d1939- |
|
| 245 | 1 | 0 |
_aEndodontics : _bprinciples and practice / _cMahmoud Torabinejad, Richard E. Walton. |
| 250 | _a4th ed. | ||
| 260 |
_aSt. Louis : _bSaunders / Elsevier, _cc.2009. |
||
| 300 |
_axv, 474 p. : _bill. (some col.) ; _c29 cm. + _e1 DVD-ROM (4 3/4 in.) |
||
| 504 | _aIncludes bibliographical references and index. | ||
| 650 | 7 |
_aEndodontics. _2BUEsh _932092 |
|
| 651 | _2BUEsh | ||
| 653 |
_bDDent _cNovember2017 |
||
| 700 | 1 |
_aTorabinejad, Mahmoud. _939503 |
|
| 942 | _2ddc | ||
| 999 |
_c25639 _d25611 |
||